000 00362nam a2200145Ia 4500
008 220204s9999 xx 000 0 und d
082 _a635.1/.8
_bWOR
100 _aCAREW, John
245 0 _aVegetable production and marketing.
250 _a2
260 _aDelhi
_bWiley Eastern
_c1970
650 _aVegetable marketing
700 _aWORK, Paul
942 _cBK
999 _c23794
_d23794